|
|
|
|
| LEADER |
00000nab a2200000 a 4500 |
| 001 |
vtls001026274 |
| 003 |
SK-MaSNL |
| 005 |
20260303214809.0 |
| 008 |
190925e19990701xo 0 slo |
| 035 |
|
|
|a SL4828
|
| 040 |
|
|
|a SLLK
|b slo
|c SLLK
|e AACR2
|
| 041 |
0 |
|
|a slo
|
| 044 |
|
|
|a xo
|c SK
|
| 080 |
|
|
|a 373.6
|2 1981
|
| 080 |
|
|
|a 371.27
|2 1981
|
| 080 |
|
|
|a 372.851
|2 1981
|
| 100 |
1 |
|
|a Kuzár, Jozef
|4 aut
|9 592630
|
| 245 |
1 |
0 |
|a Výborne v matematickej olympiáde
|
| 610 |
2 |
7 |
|a Stredné odborné učilište strojárske (Stará Ľubovňa, Slovensko)
|2 SLLK
|9 59200
|
| 650 |
0 |
7 |
|a olympiády matematické
|2 SLLK
|9 928132
|
| 650 |
0 |
7 |
|a kolá krajské
|2 SLLK
|9 1022500
|
| 650 |
0 |
7 |
|a študenti
|2 SLLK
|9 3979
|
| 650 |
0 |
7 |
|a informácie
|2 SLLK
|9 1285
|
| 651 |
|
7 |
|a Stará Ľubovňa (Slovensko)
|2 SLLK
|9 19193
|
| 651 |
|
7 |
|a SL,
|2 SLLK
|9 1022390
|
| 655 |
|
7 |
|a periodikum
|2 snkbucl
|9 29553
|
| 710 |
2 |
|
|a Stredné odborné učilište strojárske (Stará Ľubovňa, Slovensko)
|4 aut
|9 59200
|
| 773 |
0 |
8 |
|t Ľubovnianske noviny
|g Roč. 25, č.26, 1.7.1999, s. 1
|
| 852 |
|
|
|a ZVYKNI
|b KIS3GCP
|
| 999 |
|
|
|c 2218821
|d 2220751
|